Szczegóły MARC21

Piszę pracę licencjacką i magisterską : praktyczne wskazówki dla studenta /

003 -Nazwa inst., której nr kontr. jest w polu 001 [,]
    • @
    • Nazwa instytucji, której n kontrolny jest w polu 001
    • NUKAT
005 -DATA I CZAS OSTATNIEJ MODYFIKACJI [,]
    • @
    • pole kontrolne
    • 20241231085754.0
020 -Międzynarod. znormalizowany nr książki - ISBN [ , ]
    • a
    • Numer ISBN
    • 8371331665 Find
040 -Instytucja sporządzająca opis [ , ]
    • a
    • Instytucja, która sporządziła opis (NP)
    • KAT U/ES
    • c
    • Instytucja, która sporządziła rekord (NP)
    • KAT U/ES
    • d
    • Instytucja, która zmodyfikowała rekord (P)
    • KAT U/TK
    • d
    • Instytucja, która zmodyfikowała rekord (P)
    • WR O/KKs
    • d
    • Instytucja, która zmodyfikowała rekord (P)
    • WA M/IW
942 -Rodzaj dokumentu [ , ]
    • c
    • Rodzaj dokumentu
    • Książka
100 -Hasło główne - nazwa osobowa [1, ]
    • a
    • Nazwa osobowa (NP)
    • Zbroińska, Barbara.
    • 9
    • KHW
    • 79732
245 -Strefa tytułu i oznaczenia odpowiedzialności [1,0]
    • a
    • Tytuł
    • Piszę pracę licencjacką i magisterską : Find
    • b
    • Ciąg dalszy tytułu (NP)
    • praktyczne wskazówki dla studenta / Find
    • c
    • Pozostałe elementy strefy tytułu i oznaczenia odpowiedzialności (NP)
    • Barbara Zbroińska.
260 -Strefa adresu wydawniczego [ , ]
    • a
    • Miejsce wydania (P)
    • Kielce :
    • b
    • Nazwa wydawcy (P)
    • Wydaw. Akademii Świętokrzyskiej,
    • c
    • Data wydania (P)
    • 2002.
300 -Strefa opisu fizycznego [ , ]
    • a
    • Określenie formy książki i/lub objętość (NP)
    • 59 s. :
    • b
    • Oznaczenie ilustracji (NP)
    • rys. ;
    • c
    • Format (NP)
    • 20 cm.
336 -Typ zawartości [ , ]
    • a
    • Termin opisujący typ zawartości
    • Tekst
    • b
    • Kod określający zawartość
    • txt
    • 2
    • Źródło (terminu i kodu)
    • rdacontent
337 -Typ mediów [ , ]
    • a
    • Tryb odtwarzania
    • Bez urządzenia pośredniczącego
    • b
    • Kod typu mediów
    • n
    • 2
    • Źródło (terminu i kodu)
    • rdamedia
338 -Typ/rodzaj nośnika [ , ]
    • a
    • Hasło opisujące typ nośnika
    • Wolumin
    • b
    • Kod typu nośnika
    • nc
    • 2
    • Źródło (terminu i kodu)
    • rdacarrier
504 -Uwaga dot. bibliogr. załącznikowej [ , ]
    • a
    • Uwaga dot. bibliografii załącznikowej
    • Bibliogr. s. [53].
080 -Uniwersalna Klasyfikacja Dziesiętna [ , ]
    • a
    • Symbol klasyfikacji
    • 378.22
    • 9
    • UKD
    • 3957
    • 2
    • Identyfikator wydania tablic
    • UDC-P058
    • b
    • Dopowiedzenie
    • Stopnie i tytuły absolwentów szkół wyższych. Licencjat, magister. Wymagania dotyczące prac magisterskich i dyplomowych. Osoby z wyższym wykształceniem. Absolwenci.
650 -Hasło przedmiotowe [ ,7]
    • a
    • Hasło przedmiotowe
    • Rozprawy akademickie
    • z
    • Określnik geograficzny
    • Polska
    • v
    • Określnik formalny
    • poradniki.
    • 2
    • Źródło terminu
    • kaba
    • 9
    • KHW
    • 352714
980 -Symbol UKD [ , ]
    • a
    • UKD
    • 378.22
710 -Hasło dodatkowe - nazwa ciała zbiorowego [2, ]
    • a
    • Nazwa ciała zbiorowego lub nazwa geograficzna jako pierwszy element (NP)
    • Akademia Świętokrzyska im. Jana Kochanowskiego (Kielce).
    • b
    • Nazwa jednostki podrzędnej (P)
    • Wydawnictwo.
    • 4
    • Kod relacji
    • pbl
    • 9
    • KHW
    • 416854
920 -ISBN [ , ]
    • a
    • ISBN
    • 83-7133-166-5 Find
Sygnatura Numer inwentarzowy Status udost. Lokalizacja Data inwentaryzacji
Z.100123Z.1001231BG2003-06-17